[Event "Solingen-ch"]
[Site "Solingen"]
[Date "2015.09.04"]
[Round "1.1"]
[White "Alexopoulos, Dr. Spiros"]
[Black "Kniest, Oliver"]
[Result "0-1"]
[WhiteElo "1931"]
[BlackElo "2291"]
[PlyCount "56"]
[EventDate "2015.??.??"]
[EventType "swiss"]
[EventRounds "7"]
[EventCountry "GER"]
[WhiteTeam "Aachener SV"]
[BlackTeam "SG Solingen"]

1. c4 e6 2. g3 d5 3. Bg2 Nf6 4. Nf3 dxc4 5. O-O Nbd7 6. Qa4 a6 7. Nc3 Rb8 8.
Qxc4 b5 9. Qd3 c5 10. b3 Be7 11. Qc2 O-O 12. d3 Bb7 13. Bb2 Qb6 14. e4 e5 15.
Nd1 Bd6 16. Ne3 Rfe8 17. Nf5 Bf8 18. Bc1 Rbc8 19. Be3 Qc7 20. Nd2 Ng4 21. Qd1
Nxe3 22. fxe3 g6 23. Qg4 Qd8 24. Nh4 Rc6 25. Rf2 Bh6 26. Nf5 Bf8 27. Nh4 Nf6
28. Qh3 Qxd3 {Zeitüberschreitung} 0-1

[Event "Solingen-ch"]
[Site "Solingen"]
[Date "2015.09.04"]
[Round "1.2"]
[White "Lemanczyk, Thomas"]
[Black "Sherif, Malik"]
[Result "1-0"]
[WhiteElo "2224"]
[BlackElo "1761"]
[PlyCount "49"]
[EventDate "2015.??.??"]
[EventType "swiss"]
[EventRounds "7"]
[EventCountry "GER"]
[WhiteTeam "SG Solingen"]
[BlackTeam "SG Solingen"]

1. Nf3 Nf6 2. c4 g6 3. g3 Bg7 4. Bg2 O-O 5. Nc3 c6 6. d4 d5 7. cxd5 Nxd5 8. e4
Nxc3 9. bxc3 Nd7 10. O-O c5 11. Re1 cxd4 12. cxd4 e5 13. d5 Re8 14. Bg5 f6 15.
Be3 f5 16. exf5 gxf5 17. Ng5 Nf6 18. Qb3 Qd6 19. Rac1 e4 20. Red1 h6 21. Bc5
Qe5 22. d6+ Be6 23. Nxe6 Qxe6 24. d7 Nxd7 25. Rxd7 1-0

[Event "Solingen-ch"]
[Site "Solingen"]
[Date "2015.09.04"]
[Round "1.3"]
[White "Nguyen, Gia Huy Philipp"]
[Black "Peschel, Andreas"]
[Result "0-1"]
[WhiteElo "1858"]
[BlackElo "2165"]
[PlyCount "72"]
[EventDate "2015.??.??"]
[EventType "swiss"]
[EventRounds "7"]
[EventCountry "GER"]
[WhiteTeam "SG Solingen"]
[BlackTeam "SG Solingen"]

1. e4 c5 2. Nf3 e6 3. d4 cxd4 4. Nxd4 a6 5. Nc3 Qc7 6. Bd3 Nf6 7. Bg5 b5 8. a3
Bb7 9. Qe2 d6 10. f4 Nbd7 11. O-O-O Rc8 12. g4 h6 13. Bxf6 gxf6 14. h4 Qb6 15.
Nb3 h5 16. g5 fxg5 17. hxg5 Bg7 18. Na2 Nc5 19. Nxc5 Qxc5 20. Rxh5 Rxh5 21.
Qxh5 Bxe4 22. Qe2 Bxd3 23. Qxd3 Qc4 24. Qxc4 Rxc4 25. Rxd6 Rxf4 26. c3 a5 27.
Ra6 a4 28. Ra8+ Ke7 29. Ra7+ Kd6 30. Nb4 Rf5 31. Kc2 Bf8 32. Rb7 Be7 33. Rb6+
Kc7 34. Rc6+ Kb7 35. g6 Bxb4 36. g7 Rg5 0-1

[Event "Solingen-ch"]
[Site "Solingen"]
[Date "2015.09.04"]
[Round "1.4"]
[White "Schockenbäumer, Dirk"]
[Black "Falge, Rainer"]
[Result "1-0"]
[WhiteElo "2161"]
[BlackElo "1748"]
[PlyCount "49"]
[EventDate "2015.??.??"]
[EventType "swiss"]
[EventRounds "7"]
[EventCountry "GER"]
[WhiteTeam "SG Solingen"]
[BlackTeam "SG Solingen"]

1. e4 d6 2. d4 Nf6 3. Nc3 g6 4. Nf3 Bg7 5. Be2 c5 6. dxc5 Qa5 7. O-O Qxc5 8.
Be3 Qc7 9. Nd4 a6 10. f4 O-O 11. Kh1 b5 12. Bf3 Bb7 13. e5 Ne8 14. Nd5 Qd8 15.
Nf6+ exf6 16. Bxb7 Ra7 17. Nc6 Nxc6 18. Bxc6 Re7 19. a4 fxe5 20. axb5 axb5 21.
fxe5 Bxe5 22. Bg5 f6 23. Bh6 Ng7 24. Qd5+ Kh8 25. Ra8 1-0

[Event "Solingen-ch"]
[Site "Solingen"]
[Date "2015.09.04"]
[Round "1.5"]
[White "Möller, Laura"]
[Black "Zolfagharian, Kevin"]
[Result "0-1"]
[WhiteElo "1736"]
[BlackElo "2110"]
[PlyCount "46"]
[EventDate "2015.??.??"]
[EventType "swiss"]
[EventRounds "7"]
[EventCountry "GER"]
[WhiteTeam "SG Solingen"]
[BlackTeam "SG Solingen"]

1. c4 e5 2. Nc3 Nc6 3. Nf3 Bc5 4. g3 d6 5. Bg2 a5 6. O-O Ba7 7. e3 h5 8. Re1 f5
9. e4 Nh6 10. d3 Ng4 11. Be3 Nxe3 12. fxe3 f4 13. gxf4 exf4 14. Nd5 fxe3 15.
Nxe3 Bg4 16. h3 Bxf3 17. Qxf3 Qg5 18. Qe2 Nd4 19. Qd2 Nf3+ 20. Kh1 Nxd2 21. Nd5
O-O-O 22. Rad1 Rdf8 23. Re2 Nf3 0-1

[Event "Solingen-ch"]
[Site "Solingen"]
[Date "2015.09.04"]
[Round "1.6"]
[White "Görke, Joachim"]
[Black "Skiber, Friedel"]
[Result "1-0"]
[WhiteElo "2105"]
[BlackElo "1730"]
[PlyCount "47"]
[EventDate "2015.??.??"]
[EventType "swiss"]
[EventRounds "7"]
[EventCountry "GER"]
[WhiteTeam "SG Solingen"]
[BlackTeam "SG Solingen"]

1. e4 d6 2. c4 g6 3. Nc3 c5 4. d4 cxd4 5. Qxd4 Nf6 6. Bg5 Nc6 7. Qd2 Bg7 8. Bh6
O-O 9. Bxg7 Kxg7 10. Nf3 a6 11. Be2 h6 12. h3 Be6 13. g4 Nh7 14. Nd5 Bxd5 15.
exd5 Ne5 16. Qc3 f6 17. Nd4 Ng5 18. f4 Ne4 19. Ne6+ Kh7 20. Nxd8 Nxc3 21. bxc3
Raxd8 22. fxe5 dxe5 23. Rb1 Rd7 24. Rb6 1-0

[Event "Solingen-ch"]
[Site "Solingen"]
[Date "2015.09.04"]
[Round "1.7"]
[White "Bauer, Matthias"]
[Black "Flesch, Dr. Stefan"]
[Result "1/2-1/2"]
[WhiteElo "1693"]
[BlackElo "2073"]
[PlyCount "80"]
[EventDate "2015.??.??"]
[EventType "swiss"]
[EventRounds "7"]
[EventCountry "GER"]
[WhiteTeam "SV Günnigfeld"]
[BlackTeam "SG Solingen"]

1. c4 g6 2. Nc3 Bg7 3. e3 d6 4. d4 Nf6 5. b3 O-O 6. Bb2 Nfd7 7. g3 e5 8. dxe5
Nxe5 9. Bg2 Nbc6 10. Nge2 Bf5 11. e4 Bg4 12. h3 Bf3 13. O-O Re8 14. Bxf3 Nxf3+
15. Kg2 Ng5 16. f3 Qd7 17. Ng1 f5 18. Qd5+ Nf7 19. exf5 gxf5 20. f4 Nb4 21. Qd2
Qc6+ 22. Kh2 Re6 23. a3 Na6 24. Nf3 Qc5 25. Rfe1 Rae8 26. Rxe6 Rxe6 27. Re1
Rxe1 28. Qxe1 Kf8 29. Na4 Qc6 30. Bxg7+ Kxg7 31. Nd4 Qd7 32. Qe6 Qxe6 33. Nxe6+
Kf6 34. Nd4 c6 35. b4 Nc7 36. Kg2 h5 37. Nc3 Nd8 38. Kf3 Nde6 39. Nxe6 Nxe6 40.
Ke3 Nc7 1/2-1/2

[Event "Solingen-ch"]
[Site "Solingen"]
[Date "2015.09.04"]
[Round "1.8"]
[White "Kesseler, Heiko"]
[Black "Ehringfeld, Michael"]
[Result "1-0"]
[WhiteElo "2012"]
[BlackElo "1553"]
[PlyCount "139"]
[EventDate "2015.??.??"]
[EventType "swiss"]
[EventRounds "7"]
[EventCountry "GER"]
[WhiteTeam "Elberfelder SG"]
[BlackTeam "SG Solingen"]

1. e4 e6 2. d3 d5 3. Nc3 Bb4 4. Bd2 Ne7 5. Qg4 Ng6 6. exd5 Bxc3 7. Bxc3 exd5 8.
Qe2+ Qe7 9. Bxg7 Qxe2+ 10. Nxe2 Rg8 11. Bf6 Be6 12. O-O-O Nd7 13. Bc3 O-O-O 14.
d4 Nf6 15. f3 Nh4 16. Nf4 Bd7 17. Be1 Ng6 18. Nxg6 hxg6 19. Bh4 g5 20. Bf2 Nh5
21. g3 g4 22. f4 f5 23. Bd3 Nf6 24. h4 gxh3 25. Rxh3 Rh8 26. Rdh1 Rxh3 27. Rxh3
Ne4 28. Be1 Rg8 29. Rh5 Rf8 30. Kd1 c6 31. Bxe4 dxe4 32. Kd2 Kc7 33. Ke3 Rf7
34. Ba5+ b6 35. Bb4 Be6 36. b3 a5 37. Be1 a4 38. Rh6 Kd7 39. c4 axb3 40. axb3
b5 41. d5 cxd5 42. cxb5 d4+ 43. Kxd4 Bxb3 44. Ke5 e3 45. Rd6+ Kc8 46. Rd3 Re7+
47. Kxf5 Bc2 48. Kf6 Bxd3 49. Kxe7 Kc7 50. Ba5+ Kb7 51. g4 Be2 52. g5 Bd3 53.
Kd6 e2 54. Kc5 Bf5 55. Be1 Kc7 56. Bf2 Bg6 57. Bg3 Kb7 58. Kc4 Bf5 59. Bf2 Kc7
60. Kd5 Kd8 61. Kd6 Ke8 62. b6 Kd8 63. b7 e1=Q 64. b8=Q+ Bc8 65. Qc7+ Ke8 66.
Qxc8+ Kf7 67. Qf5+ Kg8 68. Qg6+ Kf8 69. Bc5 Qe7+ 70. Kc6 1-0

[Event "Solingen-ch"]
[Site "Solingen"]
[Date "2015.09.04"]
[Round "1.9"]
[White "Barche, Uwe"]
[Black "Speck, Stefan"]
[Result "0-1"]
[WhiteElo "1412"]
[BlackElo "1995"]
[PlyCount "26"]
[EventDate "2015.??.??"]
[EventType "swiss"]
[EventRounds "7"]
[EventCountry "GER"]
[WhiteTeam "SG Solingen"]
[BlackTeam "SC Solingen 28"]

1. d3 d5 2. g3 e5 3. Bg2 c6 4. Nf3 Bd6 5. O-O f5 6. e3 Nf6 7. Re1 O-O 8. a3
Nbd7 9. c4 e4 10. dxe4 fxe4 11. Nfd2 Ne5 12. Qc2 Nd3 13. Rf1 Ng4 0-1

[Event "Solingen-ch"]
[Site "Solingen"]
[Date "2015.09.04"]
[Round "1.10"]
[White "Pentz, Jörg"]
[Black "Borchert, Stephan"]
[Result "1/2-1/2"]
[WhiteElo "1985"]
[BlackElo "1850"]
[PlyCount "69"]
[EventDate "2015.??.??"]
[EventType "swiss"]
[EventRounds "7"]
[EventCountry "GER"]
[WhiteTeam "SG Solingen"]
[BlackTeam "SG Solingen"]

1. e4 c5 2. Nf3 Nc6 3. Bb5 e6 4. O-O Nf6 5. Re1 Be7 6. e5 Nd5 7. Nc3 Nc7 8.
Bxc6 dxc6 9. d3 O-O 10. Ne4 Nb5 11. Bg5 b6 12. Qd2 Ba6 13. Re3 f6 14. exf6 gxf6
15. Bh6 Rf7 16. Ng3 Bc8 17. Rae1 Nd4 18. c3 Nxf3+ 19. Rxf3 Qd5 20. c4 Qd8 21.
Nh5 Kh8 22. Qf4 Bd6 23. Qh4 Be7 24. Rg3 Bf8 25. Bd2 Qd4 26. Nf4 Bg7 27. Bc3 Qd6
28. Qh5 Kg8 29. Qh4 e5 30. Nh5 Bf5 31. Nxg7 Rxg7 32. Rf3 Qe6 33. Rfe3 Rf8 34.
f4 Rg4 35. Rg3 1/2-1/2

[Event "Solingen-ch"]
[Site "Solingen"]
[Date "2015.09.04"]
[Round "1.11"]
[White "Rebischke, Florian"]
[Black "Mentzel, Markus"]
[Result "1/2-1/2"]
[WhiteElo "1617"]
[BlackElo "1950"]
[PlyCount "84"]
[EventDate "2015.??.??"]
[EventType "swiss"]
[EventRounds "7"]
[EventCountry "GER"]
[WhiteTeam "Godesberger SK"]
[BlackTeam "SG Solingen"]

1. c4 e6 2. d4 Nf6 3. g3 d5 4. cxd5 exd5 5. Bg2 c6 6. Nf3 Bd6 7. O-O O-O 8. Bg5
h6 9. Bxf6 Qxf6 10. Nc3 Re8 11. Re1 Qd8 12. Qd3 Na6 13. a3 Bg4 14. h3 Be6 15.
b4 Qd7 16. h4 Bf5 17. Qd2 Nc7 18. Ne5 Bxe5 19. dxe5 Rad8 20. Rad1 Qe7 21. f4 d4
22. Ne4 Nb5 23. a4 Bxe4 24. axb5 Bxg2 25. Kxg2 cxb5 26. Rc1 Qd7 27. Red1 Qd5+
28. Kh2 Re7 29. Rc5 Qd7 30. Qd3 a6 31. Rdc1 Qe8 32. R1c2 Red7 33. Qf5 Qe6 34.
Qxe6 fxe6 35. Kh3 h5 36. Kg2 d3 37. exd3 Rxd3 38. Rc7 R3d7 39. Kf2 Kf7 40.
Rxd7+ Rxd7 41. Ke3 g6 42. Rc8 Kg7 1/2-1/2

[Event "Solingen-ch"]
[Site "Solingen"]
[Date "2015.09.04"]
[Round "1.12"]
[White "Vranidis, Athanassios"]
[Black "Fodor, Bernhard"]
[Result "1-0"]
[WhiteElo "1942"]
[BlackElo "1381"]
[PlyCount "119"]
[EventDate "2015.??.??"]
[EventType "swiss"]
[EventRounds "7"]
[EventCountry "GER"]
[WhiteTeam "SG Solingen"]
[BlackTeam "SG Solingen"]

1. d4 d5 2. c4 Nc6 3. Nc3 e6 4. Nf3 Bb4 5. e3 Nf6 6. Qc2 Ne7 7. Bd3 Bxc3+ 8.
bxc3 Bd7 9. O-O O-O 10. Ne5 Ne4 11. Bxe4 dxe4 12. Qxe4 f6 13. Nxd7 Qxd7 14. Ba3
c6 15. Rab1 Rf7 16. Bxe7 Rxe7 17. Rfd1 Rd8 18. c5 Qe8 19. Qg4 Rd5 20. h4 h5 21.
Qg3 Kh7 22. e4 Rdd7 23. e5 g6 24. Re1 f5 25. f4 Qf8 26. Qd3 Qd8 27. Qc4 Rd5 28.
Rb4 Rg7 29. g3 Qc8 30. Reb1 Rdd7 31. Qxe6 Qc7 32. Qc4 Qd8 33. Qb3 Qe7 34. Rd1
Qd8 35. Qc4 Rd5 36. Rb2 Re7 37. Rbd2 Qc8 38. Qb4 Qe6 39. c4 Rd8 40. d5 Qc8 41.
d6 Re6 42. Qa5 Rd7 43. Rb1 Qa8 44. Rdb2 Re8 45. Rb3 Kh6 46. Qd2 Re6 47. Qb2 b6
48. cxb6 Rb7 49. c5 a5 50. Rd3 a4 51. Qb4 Rd7 52. Qc4 Qa5 53. Qb4 Qa6 54. Rd2
Re8 55. Qc3 Re6 56. Qd3 Qa5 57. b7 Rxb7 58. Rxb7 Qxc5+ 59. Kh2 Qa5 60. d7 1-0

[Event "Solingen-ch"]
[Site "Solingen"]
[Date "2015.09.04"]
[Round "1.13"]
[White "Wolf, Wieland"]
[Black "Ferger, Jürgen"]
[Result "0-1"]
[WhiteElo "1374"]
[BlackElo "1915"]
[PlyCount "54"]
[EventDate "2015.??.??"]
[EventType "swiss"]
[EventRounds "7"]
[EventCountry "GER"]
[WhiteTeam "SG Solingen"]
[BlackTeam "SG Solingen"]

1. e4 d6 2. d4 Nf6 3. Nc3 g6 4. Nf3 Bg7 5. h3 a6 6. Bc4 O-O 7. O-O b5 8. Bb3 c5
9. Bd5 Ra7 10. e5 dxe5 11. dxe5 Nxd5 12. Qxd5 Qxd5 13. Nxd5 e6 14. Nb6 Bb7 15.
Be3 Bxf3 16. gxf3 Bxe5 17. Bxc5 Rb7 18. c3 Re8 19. Rad1 Bc7 20. Nd7 Nxd7 21.
Rxd7 Bh2+ 22. Kxh2 Rxd7 23. Be3 Red8 24. Bg5 Rd1 25. Bxd8 Rxf1 26. Kg2 Rd1 27.
Bb6 Rd2 0-1

[Event "Solingen-ch"]
[Site "Solingen"]
[Date "2015.09.04"]
[Round "1.14"]
[White "Boschek, Dr. Hans-Joachim"]
[Black "Johann, Hans Werner"]
[Result "1-0"]
[WhiteElo "1910"]
[BlackElo "1332"]
[PlyCount "79"]
[EventDate "2015.??.??"]
[EventType "swiss"]
[EventRounds "7"]
[EventCountry "GER"]
[WhiteTeam "SG Solingen"]
[BlackTeam "TV Witzhelden"]

1. c4 d6 2. g3 e5 3. Bg2 Nf6 4. Nc3 c6 5. e4 Be7 6. Nge2 Bg4 7. d4 Bxe2 8. Nxe2
exd4 9. Qxd4 c5 10. Qd2 Qc7 11. O-O Nc6 12. b3 O-O 13. Bb2 Nd7 14. Rad1 Rad8
15. Nf4 Bg5 16. Qxd6 Qxd6 17. Rxd6 Nde5 18. Rxd8 Rxd8 19. Bxe5 Nxe5 20. Nd5 Nc6
21. f4 Be7 22. Kf2 Kf8 23. Ke3 Nb4 24. Rf2 Nxd5+ 25. cxd5 f6 26. h4 g6 27. e5
Rb8 28. d6 Bd8 29. Rc2 fxe5 30. fxe5 Bb6 31. Ke4 Kf7 32. Kd5 Re8 33. Bh3 a5 34.
e6+ Kg7 35. Rf2 c4 36. Rf7+ Kh6 37. bxc4 Bf2 38. Rxb7 Bxg3 39. d7 Ra8 40. e7
1-0

[Event "Solingen-ch"]
[Site "Solingen"]
[Date "2015.09.04"]
[Round "1.15"]
[White "Mix, Lothar"]
[Black "Kaiser, Stephan"]
[Result "1/2-1/2"]
[WhiteElo "1241"]
[BlackElo "1889"]
[PlyCount "29"]
[EventDate "2015.??.??"]
[EventType "swiss"]
[EventRounds "7"]
[EventCountry "GER"]
[WhiteTeam "SG Solingen"]
[BlackTeam "SG Solingen"]

1. e4 e5 2. Nf3 Nc6 3. Bc4 Nf6 4. d3 h6 5. Bd2 Bc5 6. h3 O-O 7. a3 d6 8. Nc3
Be6 9. Bxe6 fxe6 10. Na4 Bb6 11. Nxb6 axb6 12. g4 Nd4 13. Nxd4 exd4 14. g5 hxg5
15. Bxg5 1/2-1/2

[Event "Solingen-ch"]
[Site "Solingen"]
[Date "2015.09.04"]
[Round "1.16"]
[White "Fränzel, Dr. Marius"]
[Black "Littek, Oliver"]
[Result "1-0"]
[WhiteElo "1803"]
[BlackElo "1137"]
[PlyCount "49"]
[EventDate "2015.??.??"]
[EventType "swiss"]
[EventRounds "7"]
[EventCountry "GER"]
[WhiteTeam "SG Solingen"]
[BlackTeam "SG Solingen"]

1. e4 e5 2. Nf3 Nc6 3. Bb5 d6 4. d4 Bd7 5. Nc3 a6 6. Bxc6 Bxc6 7. dxe5 dxe5 8.
Qxd8+ Rxd8 9. Nxe5 Nf6 10. Nxc6 bxc6 11. a3 Be7 12. O-O O-O 13. Bf4 Rd7 14. h3
Re8 15. Rad1 Rxd1 16. Rxd1 h6 17. Bxc7 Bc5 18. e5 Nh7 19. Ne4 Ba7 20. Kf1 f6
21. Rd8 Rxd8 22. Bxd8 fxe5 23. Bc7 Nf8 24. Bxe5 Ng6 25. Bd6 1-0

[Event "Solingen-ch"]
[Site "Solingen"]
[Date "2015.09.04"]
[Round "1.17"]
[White "Schubert, Florian"]
[Black "Meckel, Helmut"]
[Result "0-1"]
[WhiteElo "1137"]
[BlackElo "1772"]
[PlyCount "74"]
[EventDate "2015.??.??"]
[EventType "swiss"]
[EventRounds "7"]
[EventCountry "GER"]
[WhiteTeam "SG Solingen"]
[BlackTeam "SG Solingen"]

1. e4 e5 2. Nf3 Nc6 3. Bb5 Nf6 4. Nc3 Bc5 5. Bxc6 dxc6 6. Nxe5 Bxf2+ 7. Kxf2
Qd4+ 8. Kf1 Qxe5 9. d4 Qe6 10. Qe1 b6 11. Bg5 Qc4+ 12. Qe2 Qxe2+ 13. Nxe2 Nxe4
14. Bf4 Nd6 15. Re1 Be6 16. Kg1 O-O-O 17. c3 Bxa2 18. h4 Rhe8 19. Rh3 Bc4 20.
Re3 Rxe3 21. Bxe3 Re8 22. Nf4 Nf5 23. Bf2 Rxe1+ 24. Bxe1 Ne3 25. g3 a5 26. Nh5
Nd1 27. Nxg7 Nxb2 28. Bd2 Nd3 29. Nf5 a4 30. Ne3 Bb3 31. c4 b5 32. cxb5 cxb5
33. Bc3 b4 34. Ba1 c6 35. Nf1 Bd5 36. Ne3 b3 37. Nd1 a3 0-1

[Event "Solingen-ch"]
[Site "Solingen"]
[Date "2015.09.04"]
[Round "1.18"]
[White "Brinkmann, Katharina"]
[Black "Schubert, Stefan"]
[Result "1-0"]
[WhiteElo "1763"]
[BlackElo "1133"]
[PlyCount "67"]
[EventDate "2015.??.??"]
[EventType "swiss"]
[EventRounds "7"]
[EventCountry "GER"]
[WhiteTeam "SV Grünfeld"]
[BlackTeam "SG Solingen"]

1. d4 e6 2. c4 c6 3. Nc3 Nf6 4. e3 d5 5. Bd3 Bb4 6. Nge2 Nbd7 7. O-O c5 8. cxd5
exd5 9. a3 Bxc3 10. Nxc3 c4 11. Bc2 O-O 12. Qf3 Nb6 13. h3 a6 14. Ne2 Be6 15.
Bd2 a5 16. Ng3 Nc8 17. Nh5 Nxh5 18. Qxh5 g6 19. Qe2 Nd6 20. Rad1 b5 21. f3 Nf5
22. Qf2 Qh4 23. Qxh4 Nxh4 24. e4 dxe4 25. fxe4 g5 26. Bxg5 Ng6 27. h4 Rfe8 28.
h5 Nf8 29. Rf4 b4 30. d5 Bc8 31. Rdf1 Ra7 32. R1f3 Re5 33. Rg3 Kh8 34. Bf6# 1-0

[Event "Solingen-ch 2015"]
[Site "Solingen"]
[Date "2015.09.18"]
[Round "2.1"]
[White "Kniest, Oliver"]
[Black "Vranidis, Athanassios"]
[Result "1-0"]
[WhiteElo "2291"]
[BlackElo "1942"]
[PlyCount "61"]
[EventDate "2015.??.??"]
[WhiteTeam "SG Solingen"]
[BlackTeam "SG Solingen"]

1. d4 d5 2. Nf3 Nf6 3. e3 e6 4. Bd3 c5 5. b3 Nc6 6. O-O Bd6 7. Bb2 O-O 8. Nbd2
Nb4 9. Be2 b6 10. a3 Nc6 11. Ne5 Ne7 12. Bd3 Bb7 13. f4 Qc7 14. Qe2 Ne4 15.
Nxe4 dxe4 16. Bc4 Rac8 17. dxc5 Bxc5 18. b4 Bd6 19. Bb3 Bd5 20. c4 Bb7 21. Rfd1
Ng6 22. Ng4 Rfd8 23. Qe1 Bf8 24. h4 Rd3 25. Rxd3 exd3 26. h5 Qc6 27. Qg3 Nh4
28. e4 f5 29. Nh6+ Kh8 30. Qxh4 fxe4 31. Nf7+ 1-0

[Event "Solingen-ch 2015"]
[Site "Solingen"]
[Date "2015.09.18"]
[Round "2.2"]
[White "Speck, Stefan"]
[Black "Lemanczyk, Thomas"]
[Result "0-1"]
[WhiteElo "1995"]
[BlackElo "2224"]
[PlyCount "100"]
[EventDate "2015.??.??"]
[WhiteTeam "SC Solingen 28"]
[BlackTeam "SG Solingen"]

1. e4 e5 2. Nf3 Nc6 3. Nc3 Nf6 4. d4 Bb4 5. d5 Nb8 6. Nxe5 Qe7 7. Qd4 Bxc3+ 8.
bxc3 d6 9. Bb5+ Kf8 10. Nf3 Qxe4+ 11. Qxe4 Nxe4 12. Bb2 Nc5 13. O-O-O a6 14.
Bd3 Bg4 15. Be2 Na4 16. Rd4 Bxf3 17. Bxf3 Nxb2 18. Kxb2 Nd7 19. Re1 Nc5 20. Rd2
Re8 21. Rde2 Rxe2 22. Rxe2 h5 23. h4 g6 24. Be4 Kg7 25. Bd3 Rc8 26. Re3 Nd7 27.
Be2 Nb6 28. c4 Kf8 29. Kc3 Ra8 30. Kd4 Nd7 31. f4 b6 32. Bd3 a5 33. Be2 Rd8 34.
Bd3 Nf6 35. Be2 Re8 36. Rxe8+ Kxe8 37. Bf3 Ke7 38. Be2 Nd7 39. Bd3 Kf6 40. Kc3
Nc5 41. Kb2 Nxd3+ 42. cxd3 Kf5 43. Kb3 Kxf4 44. Ka4 Ke3 45. Kb5 Kxd3 46. Kc6
Kxc4 47. Kxc7 Kxd5 48. Kxb6 Kc4 49. Kxa5 d5 50. a4 d4 0-1

[Event "Solingen-ch 2015"]
[Site "Solingen"]
[Date "2015.09.18"]
[Round "2.3"]
[White "Peschel, Andreas"]
[Black "Boschek, Dr. Hans-Joachim"]
[Result "1-0"]
[WhiteElo "2165"]
[BlackElo "1910"]
[PlyCount "79"]
[EventDate "2015.??.??"]
[WhiteTeam "SG Solingen"]
[BlackTeam "SG Solingen"]

1. d4 Nf6 2. c4 e6 3. Nf3 d5 4. g3 Bb4+ 5. Bd2 Be7 6. Bg2 O-O 7. O-O Ne4 8. Nc3
f5 9. cxd5 exd5 10. Qb3 c6 11. Nxe4 fxe4 12. Ne5 Qb6 13. Be3 Nd7 14. f3 Nf6 15.
Rad1 Be6 16. Bg5 Rae8 17. Qc2 Bf5 18. Bxf6 Bxf6 19. fxe4 Bxe5 20. exf5 Bxd4+
21. Kh1 Qxb2 22. Qxb2 Bxb2 23. Rd2 Bc3 24. Rc2 Re3 25. Rb1 Rf7 26. Bh3 Rfe7 27.
Bg4 Kf7 28. Rbc1 d4 29. Kg2 Kf6 30. Rf1 R3e5 31. h4 Rb5 32. Rf3 b6 33. e3 dxe3
34. Rxc3 e2 35. Rxc6+ Kf7 36. Bh5+ g6 37. fxg6+ Kg7 38. Rf7+ Rxf7 39. Bxe2 hxg6
40. Bxb5 1-0

[Event "Solingen-ch 2015"]
[Site "Solingen"]
[Date "2015.09.18"]
[Round "2.4"]
[White "Ferger, Jürgen"]
[Black "Schockenbäumer, Dirk"]
[Result "0-1"]
[WhiteElo "1915"]
[BlackElo "2161"]
[PlyCount "46"]
[EventDate "2015.??.??"]
[WhiteTeam "SG Solingen"]
[BlackTeam "SG Solingen"]

1. b3 Nf6 2. Bb2 c5 3. Nc3 d5 4. e3 e5 5. Qe2 Nc6 6. O-O-O Be7 7. Kb1 O-O 8. h3
d4 9. exd4 exd4 10. Ne4 Bf5 11. f3 Re8 12. g4 Bg6 13. c4 dxc3 14. dxc3 Nxe4 15.
fxe4 Qxd1+ 16. Qxd1 Bxe4+ 17. Ka1 Rad8 18. Qc1 Bxh1 19. Bc4 Ne5 20. Bb5 Bc6 21.
Bxc6 Nxc6 22. Nf3 Rd3 23. Qf4 Bd6 0-1

[Event "Solingen-ch 2015"]
[Site "Solingen"]
[Date "2015.09.18"]
[Round "2.5"]
[White "Zolfagharian, Kevin"]
[Black "Fränzel, Dr. Marius"]
[Result "1-0"]
[WhiteElo "2110"]
[BlackElo "1803"]
[PlyCount "61"]
[EventDate "2015.??.??"]
[WhiteTeam "SG Solingen"]
[BlackTeam "SG Solingen"]

1. e4 e5 2. Nf3 Nc6 3. Bc4 Bc5 4. c3 Nf6 5. d4 exd4 6. e5 d5 7. Bb5 Ne4 8. cxd4
Bb6 9. O-O O-O 10. Be3 Bg4 11. Qc1 f5 12. Bxc6 bxc6 13. Rd1 Qd7 14. Nc3 f4 15.
Bxf4 Qf5 16. Ne2 Qh5 17. Rd3 g5 18. Qxc6 Rad8 19. Ng3 Nxg3 20. Bxg3 Bxf3 21.
Rxf3 Rxf3 22. gxf3 Qxf3 23. e6 Qf6 24. Re1 Qe7 25. Be5 h6 26. Bf6 Rd6 27. Qxd6
Qxf6 28. e7 Qxd6 29. e8=Q+ Qf8 30. Qg6+ Kh8 31. Re8 1-0

[Event "Solingen-ch 2015"]
[Site "Solingen"]
[Date "2015.09.18"]
[Round "2.6"]
[White "Meckel, Helmut"]
[Black "Görke, Joachim"]
[Result "0-1"]
[WhiteElo "1772"]
[BlackElo "2105"]
[PlyCount "54"]
[EventDate "2015.??.??"]
[WhiteTeam "SG Solingen"]
[BlackTeam "SG Solingen"]

1. b4 e5 2. Bb2 d6 3. c4 f5 4. e3 Nf6 5. Be2 Be7 6. Bh5+ Nxh5 7. Qxh5+ g6 8.
Qd1 Be6 9. Qc1 O-O 10. d4 exd4 11. Bxd4 Nc6 12. b5 Nxd4 13. exd4 Bf6 14. Ne2 c5
15. bxc6 Qa5+ 16. Qc3 Qxc3+ 17. Nbxc3 bxc6 18. c5 dxc5 19. dxc5 Bc4 20. Kd2
Rad8+ 21. Kc2 Bd3+ 22. Kb3 Rb8+ 23. Ka3 Bxe2 24. Nxe2 Bb2+ 25. Ka4 Rfe8 26.
Rae1 Re4+ 27. Ka5 Rb5+ 0-1

[Event "Solingen-ch 2015"]
[Site "Solingen"]
[Date "2015.09.18"]
[Round "2.7"]
[White "Bashylina, Luisa"]
[Black "Kesseler, Heiko"]
[Result "0-1"]
[WhiteElo "1127"]
[BlackElo "2012"]
[PlyCount "65"]
[EventDate "2015.??.??"]
[WhiteTeam "SG Solingen"]
[BlackTeam "Elberfelder SG"]

1. e4 c5 2. Nf3 a6 3. b3 Nc6 4. Bb2 d6 5. Nc3 Nf6 6. d4 cxd4 7. Nxd4 Bd7 8. Qd2
g6 9. O-O-O h5 10. Kb1 Bh6 11. Qe1 Nxd4 12. Rxd4 O-O 13. f3 Qa5 14. g4 hxg4 15.
fxg4 Bxg4 16. h3 Bh5 17. Be2 Rac8 18. Bxh5 Nxh5 19. Rg1 Nf6 20. Rd3 Rfe8 21. h4
Rc5 22. a3 Rcc8 23. Qg3 Bg7 24. Re3 Nh5 25. Qf3 Qc5 26. Rf1 Rf8 27. Rd1 Qe5 28.
Rd5 Qf4 29. Qxf4 Nxf4 30. Rf3 Nxd5 31. exd5 f5 32. Rg3 Kh7 33. Rd3 0-1

[Event "Solingen-ch 2015"]
[Site "Solingen"]
[Date "2015.09.18"]
[Round "2.8"]
[White "Flesch, Dr. Stefan"]
[Black "Brinkmann, Katharina"]
[Result "1-0"]
[WhiteElo "2073"]
[BlackElo "1763"]
[PlyCount "55"]
[EventDate "2015.??.??"]
[WhiteTeam "SG Solingen"]
[BlackTeam "SV Grünfeld"]

1. d4 e6 2. c4 d5 3. Nc3 Nf6 4. Bg5 Bb4 5. e3 O-O 6. Nf3 c5 7. Rc1 Nbd7 8. cxd5
exd5 9. Qc2 Qb6 10. Be2 Ne4 11. O-O Nxg5 12. Nxg5 Qh6 13. Nf3 Nf6 14. dxc5 Bxc5
15. Nxd5 Nxd5 16. Qxc5 Be6 17. a3 Qf6 18. Qd4 Qh6 19. Rfd1 Nf6 20. Qe5 Bg4 21.
h3 Bxf3 22. Bxf3 Rae8 23. Qd4 b6 24. Rc7 Re6 25. Rxa7 Rc8 26. Ra8 Rxa8 27. Bxa8
Re8 28. Qxb6 1-0

[Event "Solingen-ch 2015"]
[Site "Solingen"]
[Date "2015.09.18"]
[Round "2.9"]
[White "Kaiser, Stephan"]
[Black "Pentz, Jörg"]
[Result "0-1"]
[WhiteElo "1889"]
[BlackElo "1985"]
[PlyCount "98"]
[EventDate "2015.??.??"]
[WhiteTeam "SG Solingen"]
[BlackTeam "SG Solingen"]

1. d4 Nf6 2. c4 e5 3. dxe5 Ng4 4. Nf3 Bc5 5. e3 Nc6 6. Be2 Ngxe5 7. O-O O-O 8.
Nc3 Re8 9. a3 a5 10. b3 Nxf3+ 11. Bxf3 Ne5 12. Be2 Ra6 13. Nd5 Rg6 14. Bh5 Rge6
15. b4 Ba7 16. c5 c6 17. Nf4 Rh6 18. Bb2 d5 19. cxd6 Rxd6 20. Qb3 Be6 21. Nxe6
Rdxe6 22. Bxe5 g6 23. Bxg6 Rxg6 24. Bg3 h5 25. Rfd1 Qf6 26. Rac1 h4 27. Rd6 Re6
28. Rxe6 fxe6 29. Bc7 Qg7 30. Bg3 hxg3 31. hxg3 Rh6 32. Qc4 Qh7 33. Kf1 Rh1+
34. Ke2 Rxc1 35. Qxc1 Qh5+ 36. f3 Qb5+ 37. Kf2 axb4 38. axb4 Qxb4 39. Qc2 Qe7
40. f4 Kf8 41. g4 Qc5 42. Qd3 Qd5 43. Qa3+ Qc5 44. Qd3 Ke7 45. Kf3 b5 46. g5
Qd5+ 47. Qe4 Qxe4+ 48. Kxe4 b4 49. Ke5 Bxe3 0-1